Professional surveyors and real property descriptions (Record no. 112837)
[ view plain ]
| 000 -LEADER | |
|---|---|
| fixed length control field | 01092cad a22002415a 4500 |
| 001 - CONTROL NUMBER | |
| control field | L154099 |
| 008 - FIXED-LENGTH DATA ELEMENTS--GENERAL INFORMATION | |
| fixed length control field | 111013s2011 xxk f 000 0 eng d |
| 020 ## - INTERNATIONAL STANDARD BOOK NUMBER | |
| International Standard Book Number | 9781118084663 |
| 035 ## - SYSTEM CONTROL NUMBER | |
| System control number | (Sirsi) u154099 |
| 041 0# - LANGUAGE CODE | |
| Language code of text/sound track or separate title | eng |
| 100 1# - MAIN ENTRY--PERSONAL NAME | |
| Personal name | Estopinal, Stephen V |
| 245 00 - TITLE STATEMENT | |
| Title | Professional surveyors and real property descriptions |
| Remainder of title | composition, construction, and comprehension |
| Medium | [electronic resource] |
| 260 ## - PUBLICATION, DISTRIBUTION, ETC. | |
| Name of publisher, distributor, etc. | John Wiley & Sons Inc |
| Date of publication, distribution, etc. | 2011 |
| 300 ## - PHYSICAL DESCRIPTION | |
| Extent | eBook |
| 520 ## - SUMMARY, ETC. | |
| Summary, etc. | This eBook is a tutorial on writing land descriptions for surveyors, allowing readers to be able to construct complete and modern land descriptions. Providing not only information on how to write new descriptions, this book also covers the history of how historic descriptions were written, enabling the reader to properly interpret them today. |
| 590 ## - LOCAL NOTE (RLIN) | |
| Local note | NA NTK |
| 650 24 - SUBJECT ADDED ENTRY--TOPICAL TERM | |
| Topical term or geographic name entry element | EBOOK |
| 651 #4 - SUBJECT ADDED ENTRY--GEOGRAPHIC NAME | |
| Geographic name | United States |
| Chronological subdivision | 1959- |
| 690 ## - LOCAL SUBJECT ADDED ENTRY--TOPICAL TERM (OCLC, RLIN) | |
| Topical term or geographic name as entry element | Survey reports |
| 9 (RLIN) | 6270 |
| 700 1# - ADDED ENTRY--PERSONAL NAME | |
| Personal name | Lathrop, Wendy |
| 856 40 - ELECTRONIC LOCATION AND ACCESS | |
| Uniform Resource Identifier | <a href="https://www.vlebooks.com/">https://www.vlebooks.com/</a> |
| Public note | View on VLEbooks. Logins for members only from [email protected] |
| 942 ## - ADDED ENTRY ELEMENTS (KOHA) | |
| Suppress in OPAC | 0 |
| Withdrawn status | Lost status | Source of classification or shelving scheme | Damaged status | Not for loan | Home library | Current library | Shelving location | Date acquired | Total Checkouts | Full call number | Barcode | Date last seen | Copy number | Price effective from | Koha item type |
|---|---|---|---|---|---|---|---|---|---|---|---|---|---|---|---|
| Dewey Decimal Classification | Virtual | Virtual | Online | 13/10/2011 | EBOOK | 154099-1001 | 06/08/2019 | 1 | 06/08/2019 | Book |